00383nam a2200085Ia 4500008004100000245011000041260000900151300010500160650003200265180130s9999 xx 000 0 und d cAdenle, Ademola A.; Agboola, Julius I.aRelevant issues for sustainable agriculture in sub-Saharan Africa c2015 aBook title: Significant concept in global environmental change--Acession number C19421; pages 3 - 20 aGLOBAL ENVIRONMENTAL CHANGE